000 00934cam a22002531 4500
999 _c10185
_d10185
001 10185
003 BD-JhCC
005 20180419091631.0
008 180417s1951 nyu 000 0 eng
035 _a(OCoLC)475374
_a(BD-JhCC)10185
040 _aDLC
_cOTU
_dNcRS
_dOCoLC
_dDLC
_dBD-JhCC
041 _aeng
050 0 0 _aJX1977
_b.A2 E/1986, etc.
082 _a338.91
_bMEA 1951
110 2 _aUnited Nations.
_bDepartment of Economic Affairs.
245 1 0 _aMeasures for the economic development of under-developed countries;
_breport by a group of experts appointed by the Secretary-General of the United Nations /
260 _aNew York :
_c1951.
_bUnited Nations Department of Economic Affairs,
300 _a113 p.
_c23 cm.
490 1 _aUnited Nations. [Document] E/1986, ST/ECA/10
500 _a"United Nations publications. Sales no.: 1951.II.B.2."
651 0 _aDeveloping countries.
942 _2ddc
_cBK